UBT Library

Mbi televizionin (Record no. 46616)

000 -LEADER
fixed length control field 00285nam a22001337a 4500
008 - FIXED-LENGTH DATA ELEMENTS--GENERAL INFORMATION
fixed length control field 180608b xxu||||| |||| 00| 0 eng d
020 ## - INTERNATIONAL STANDARD BOOK NUMBER
International Standard Book Number 9789928185174
041 ## - LANGUAGE CODE
Language code of text/sound track or separate title eng
080 ## - UNIVERSAL DECIMAL CLASSIFICATION NUMBER
Universal Decimal Classification number 070
100 ## - Rafti
Rafti 40
101 ## - Shkurtesa
Shkurtesa MK
245 ## - TITLE STATEMENT
Title Mbi televizionin
Statement of responsibility, etc Bourdieu,P
942 ## - ADDED ENTRY ELEMENTS (KOHA)
Source of classification or shelving scheme
Item type Books
Holdings
Withdrawn status Lost status Source of classification or shelving scheme Damaged status Not for loan Collection code Permanent location Current location Shelving location Date acquired Total Checkouts Full call number Barcode Date last seen Price effective from Koha item type
          Koleksioni i përgjithshem UBT - Lipjan UBT - Lipjan Koleksioni i përgjithshem 06/08/2018   070 BOU 002-3009521 06/08/2018 06/08/2018 Books
          Koleksioni i përgjithshem UBT - Prishtine UBT - Prishtine Koleksioni i përgjithshem 06/08/2018   070 BOU 002-3009516 06/08/2018 06/08/2018 Books
          Koleksioni i përgjithshem UBT - Prishtine UBT - Prishtine Koleksioni i përgjithshem 06/08/2018   070 BOU 002-3009511 06/08/2018 06/08/2018 Books
          Koleksioni i përgjithshem UBT - Prishtine UBT - Prishtine Koleksioni i përgjithshem 06/08/2018   070 BOU 002-3009506 06/08/2018 06/08/2018 Books
          Koleksioni i përgjithshem UBT - Prishtine UBT - Prishtine Koleksioni i përgjithshem 06/08/2018   070 BOU 002-3009501 06/08/2018 06/08/2018 Books
UBT Library © 2015-2024. All rights reserved University Education for Business and Technology